Jusqu'où irez vous ? #21 (Culture Générale) - Statistiques

Statistiques générales
  • Ce quiz a été pris 198 fois
  • Le résultat moyen est 19 sur 44
Statistiques - réponses
Hint Réponse % Correct
Donnez une des 4 propositions désignant une source d'eau minérale reconnue en France : A - Alpésia B - Contrex C - Evian D - Hépar E - Montbrise F - Purelys G- Tranquiline H - Vittel BCDH
99%
Donnez une des 4 propositions désignant un animal qui produit un lait consommé par l’être humain (en tant que produit alimentaire) ? A - Ânesse B - Bufflonne C - Chamelle D - Fourmi E - Grenouille F - Pingouin G - Serpent H - Yack ABCH
95%
Donnez une des 4 propositions désignant une affirmation vraie : A - L’eau est H₂O B - Le fer peut rouiller C - L’oxygène est un métal D - L'ammoniac est un composé chimique de formule A2M1O1N E - Le dioxyde de carbone est CO₂ F - L’hélium est un gaz G - Le chlore est incolore H - Le carbone est liquide à température ambiante ABEF
95%
Donnez une des 4 propositions désignant une couche de l'atmosphère terrestre : A - cryosphère B - exosphère C - luminosphère D - mésosphère E - nebulosphère F - plasmasphère G - stratosphère
H - troposphère
BDGH
94%
Donnez une des 4 propositions désignant un membre des Quatre Fantastiques de la première équipe de super-héros des éditions Marvel Comics : A - Batman B - la Chose C - Dr. X D - la Femme invisible E - l'Homme poisson F - Mr. Fantastic G - le Protecteur H - la Torche humaine BDFH
93%
Donnez une des 4 propositions désignant un pays d'Océanie : A- Argentine B - Fidji C - Kenya D - Nauru E - Samoa F - Tonga G - Uruguay H - Vietnam BDEF
92%
Donnez une des 4 propositions désignant un insecte : A - Abadeche B - Bousier C - Courtilière D - Éphémère E - Flétan F - Gendarme G - Lycode H - Sprat BCDF
91%
Donnez une des 4 propositions désignant un personnage de la série TV "L'Agence tous risques" : A - Alpha B - Barracuda C - Caméléon D - Futé E - Hannibal F - Looping G - Roc H - Turbo BDEF
91%
Donnez une des 4 propositions désignant une couleur présente sur le drapeau de Maurice (Ile Maurice) : A - Bleu B - Gris C - Jaune D - Marron E - Noir F - Orange G - Rouge H - Vert ACGH
90%
Donnez une des 4 propositions désignant un Chevalier de la Table ronde cité dans les récits appartenant au cycle arthurien : A - Arnoulf B - Bédivère C - Evremar D - Gauvain E - Héribrand F - Keu G - Perceval H - Saladin BDFG
89%
Donnez une des 4 propositions désignant un sacrement de l'Église catholique : A - Ascension B - Confirmation C - Eucharistie D - Invocation E - Mariage F - Ordination G - Piété H - Résurrection BCEF
88%
Donnez une des 4 propositions désignant un lauréat du prix Nobel de la paix : A - Aristide Briand B - Barack Obama C - Cesar Chavez D - Edward Snowden E - Henry Kissinger F - Ken Saro-Wiwa G - René Cassin H - Vaclav Havel ABEG
87%
Donnez une des 4 propositions désignant une œuvre de Pablo Picasso : A - Chair de poule inaugurale B - Guernica C - Hallucination partielle. Six images de Lénine sur un piano D - Impressions d'Afrique E - Les Demoiselles d'Avignon F - Maya à la poupée G - Nu au plateau de sculpteur H - Portrait de Luis Buñuel BEFG
86%
Donnez une des 4 propositions désignant un album de David Bowie : A - Born Again B - David Bowie C - First Star D - "Heroes" E - Never Say Die! F - Space Oddity G - The Last in Line H - Young Americans BDFH
82%
Donnez une des 4 propositions désignant une commune du Vaucluse : A - Apt B - Beaucaire C - Carpentras D - Frontignan E - Lunel F - Orange G - Pertuis H - Vauvert ACFG
76%
Donnez une des 4 propositions désignant un mot présent dans les paroles de la chanson "La Tribu de Dana" de Manau (1998) : A - babyloniens B - chouchen C - enfer D - hydromel E - incantations F - paradis G - sumériens H - vaudoux CDEG
73%
Donnez une des 4 propositions désignant un roman d'Amélie Nothomb : A - Acide sulfurique B - Elle et Lui C - Le Premier Jour D - Mes amis mes amours E - Ni d'Ève ni d'Adam F - Où es-tu ? G - Pétronille H - Stupeur et Tremblements AEGH
64%
Donnez une des 4 propositions désignant une actrice présente à l'écran dans le film "Qu'est-ce-que qu'on a fait au bon dieu" : A - Chantal Lauby B - Diane Kruger C - Émilie Caen D - Frédérique Bel E - Julia Piaton F - Marina Fois G - Lucie Lucas H - Valérie Bonneton ACDE
61%
Donnez une des 4 propositions désignant un pays qui donne son nom à un territoire du jeu de société Risk (version classique) A - Arabie Saoudite B - Canada C - Égypte D - Indonésie E - Russie F - Tchad G - Ukraine H - Venezuela CDGH
51%
Donnez une des 4 propositions désignant une personne née au XXe siècle : A - Bilal Hassani B - Charli D'Amelio C - Gianluigi Donnarumma D - Jenna Ortega E - Luka Dončić F - Olivia Rodrigo G - Pierre Garnier H - Sabrina Carpenter ACEH
46%
Donnez une des 4 propositions designant une ville présente dans le nom d'un personnage de la série TV La Casa de Papel : A - Denver B - Glasgow C - Helsinki D - Kazan E - Monterrey F - Nairobi G - Québec H - Tokyo ACFH
39%
Donnez une des 4 propositions désignant une capitale d'un État des États-Unis : A - Albuquerque B - Burlington C - Dover D - Fargo E - Helena F - Juneau G - Springfield H - Wichita CEFG
32%
Donnez une des 4 propositions designant une personne transférée au Panthéon, à Paris : A - Claude Monet B - Évariste Galois C - Félix Éboué D - Henry Grouès, dit l'« abbé Pierre » E - Jean Jaurès F - Louis Braille G - Pierre Brossolette H - Sidonie Gabrielle Colette, dite Colette CEFG
30%
Donnez une des 4 propositions désignant un nom commun de plante utilisée en tant qu’épice ou aromate comestible : A - Buis B - Cyclamen C - Gingembre D - Laurier-rose E - Nigelle F - Origan G - Pranika H - Uzazi CEFH
29%
Donnez une des 4 propositions désignant un ancien président du sénat français :
A - Alain Poher B - Bertrand Delanoë C - Christian Poncelet D - Edouard Balladur E - Jean-Pierre Bel F - Patrick Devedjian G - René Monory
H - Yves Cochet
ACEG
24%
Donnez une des 4 propositions désignant une femme qui a franchi la barre des 5 mètres au saut à la perche : A - Anzhelika Sidorova B - Heike Henkel C - Jennifer Suhr D - Kajsa Bergqvist E - Monika Pyrek F - Sandi Morris G - Tia Hellebaut H - Yelena Isinbayeva ACFH
21%
Donnez une des 4 propositions désignant un personnage des Aventures de Tintin : A - Buzec B - Caraco C - Didi D- Entresol E - Helmout F - Irma G - Ridgewell H - Zwart BCFG
20%
Donnez une des 4 propositions désignant un commandant lors de la bataille de Waterloo (le 18 juin 1815) : A - Antoine Fouquier-Tinville B - Emmanuel de Grouchy C - Gebhard von Blücher D - Jean-de-Dieu Soult E - Karl Josef von Bachmann F - Michel Ney G - Pierre Coustard H - Victor de Broglie BCDF
16%
Donnez une des 4 propositions désignant un pays qui a une superficie forestière supérieure à au moins 4 autres pays de la liste:
A - Biélorussie B - Espagne C - Finlande D - Italie E - Norvège F - Pologne G - Suède H - Ukraine
BCEG
14%
Donnez une des 4 propositions désignant un nain du roman Le Hobbit de J. R. R. Tolkien : A - Argus B - Balin C - Dori D - Garium E - Kíli F - Pitin G - Thorin H - Yozi BCEG
13%
Donnez une des 4 propositions désignant un participant à au moins un spectacle des Enfoirés : A - Alain Delon B - Brigitte Bardot C - Charles Aznavour D - Daniel Balavoine E - Élie Kakou F - Joe Dassin G - Léo Ferré H - Michel Blanc ACEH
10%
Donnez une des 4 propositions désignant un nombre présent dans la suite de Fibonacci : A - 11 B - 13 C - 32 D - 34 E - 50 F - 55 G - 78 H - 89 BDFH
10%
Donnez une des 4 propositions désignant un joueur français qui a joué l'intégralité de la Finale de la Coupe du monde de rugby à XV en 2011 sur le terrain : A - Aurélien Rougerie
B - Damien Traille C - Fabien Barcella
D - Imanol Harinordoquy E - Jean-Marc Doussain F - Maxime Mermoz G - Nicolas Mas H - Sébastien Chabal
ADFG
6%
Donnez une des 4 propositions désignant un Land d'Autriche : A - Burgenland B - Carinthie C - Dachau D - Fürth E - Lindau F - Styrie G - Vorarlberg H - Wurtzbourg ABFG
5%
Donnez une des 4 propositions désignant un score possible aux fléchettes avec une seule fléchette sur une cible classique (type championnat du monde de fléchettes) : A - 48 B - 49 C - 51 D - 52 E - 54 F - 55 G - 57 H - 58 ACEG
4%
Donnez une des 4 propositions désignant un vainqueur du jeu télévisé français "Ninja Warrior : Le Parcours des héros" A - Bruno Vincent B - Clément Gravier C - Hervé Dromel D - Jean Tezenas du Montcel E - Mathias Noirel F - Olivier Leroy G - Pierre-Hughes Barré H - René Casselly BDEH
3%
Donnez une des 4 propositions désignant un joueur de poker vainqueur du Main Event des WSOP, considéré comme le vrai championnat du Monde de poker : A - Bob Hooks B - Doyle Brunson C - Erik Seidel D - Johnny Chan E - Phil Hellmuth F - Stu Ungar G - T. J. Cloutier H - Vanessa Rousso BDEF
2%
Donnez une des 4 propositions désignant un acteur présent à l'écran dans le film "Et au milieu coule une rivière" : A - Bill Cobbs B - Craig Sheffer C - Gary Kemp D - Joseph Gordon-Levitt E - Kevin Costner F - Michael Cudlitz G - Ralph Waite H - Tom Skerritt BDFH
2%
Donnez une des 4 propositions désignant le nom d'un personnage joué par Mathieu Kassovitz au Cinéma : A - Albert Pingeon B - Lucien Vincent C - Nino Quincampoix D - Paul Speranski E - Quentin Julliard F - Riccardo Montana G - Vincent Kaminski H - Youri Pringevic CDFG
2%
Donnez une des 4 propositions désignant un joueur de basketball qui comptabilise plus de 3000 contres en NBA dans sa carrière : A - Dikembe Mutombo B - Dwight Howard C - Hakeem Olajuwon D - Jermaine O'Neal E - Kareem Abdul-Jabbar F - Manute Bol G - Pau Gasol H - Tim Duncan ACEH
1%
Donnez une des 4 propositions désignant un titre d'un épisode de la série TV Columbo en vf :
A - Clown sanglant B - Deux en un C - Enquête assistée D - Le chant du cygne E - Meurtre au champagne F - Quand le vin est tiré G - Ticket gagnant H - Venez dimanche prochain
BDEF
1%
Donnez une des 4 propositions désignant un homme qui a remporté au moins une édition de "The World's Strongest Man" (épreuve de forces annuelle pour déterminer qui est L'Homme le plus fort au monde) :
A - Anton White B - Brian Shaw C - Einar Tordjallsson D - Hafþór Júlíus Björnsson E - Mariusz Pudzianowski F - Oleg Kyatinski G - Siegfried Gertsner H - Žydrūnas Savickas
BDEH
0%
Donnez une des 4 propositions désignant une franchise qui a gagné la série mondiale (finale) de la Ligue majeure de baseball (MLB) au moins 5 fois : A - Angels de Los Angeles B - Blue Jays de Toronto C - Cardinals de Saint-Louis D - Diamondbacks de l'Arizona E - Giants de San Francisco F - Mets de New York G - Pirates de Pittsburgh H - Reds de Cincinnati CEGH
0%
Donnez une des 4 propositions désignant un titre de chanson dans le premier album officiel du groupe américain de thrash metal Metallica :
A - …And Justice for All B - Enter Sandman C - Fade to Black D - Master of Puppets E - Motorbreath F - No Remorse G - The Four Horsemen H - Whiplash
EFGH
0%
Aucun quiz correspondant
Distribution des résultats
% des personnes avec chaque résultat
Percentile par nombre de réponses
Votre historique - résultats
Vous n’avez pas pris ce quiz